Archaic pottery of Chios : the decorated styles /

محفوظ في:

المؤلف الرئيسي: Lemos, Anna A. (مؤلف)

التنسيق: كتاب

اللغة: English

منشور في: Oxford : Oxford University Committee for Archaeology : Distributed by Oxbow Books, 1991.

سلاسل: Monograph (University of Oxford. Committee for Archaeology) ; 30.

الموضوعات:

الوسوم: إضافة وسم

لا توجد وسوم, كن أول من يضع وسما على هذه التسجيلة!

رقم الطلب: NK4647 .L46 v.1-2

LEADER 01184nam a22002897a 4500
003 OSt
005 20250915080424.0
008 250303s1991 enkab g b 000 0 eng d
010 |a 92235474 
020 |a 0947816305 (set) 
040 |c ARCE Library 
043 |a e-gr---  |a a-tu--- 
050 1 4 |a NK4647   |b .L46 v.1-2 
100 1 |a Lemos, Anna A.,   |e author 
245 1 0 |a Archaic pottery of Chios :   |b the decorated styles /   |c Anna A. Lemos. 
264 1 |a Oxford :   |b Oxford University Committee for Archaeology :   |b Distributed by Oxbow Books,   |c 1991. 
300 |a 2 volumes :   |b illustrations (some color), maps ;   |c 29 cm. 
490 1 |a Monograph (University of Oxford. Committee for Archaeology) ;   |v 30. 
500 |a Revision of the author's thesis (doctoral)--University of Oxford, 1984. 
504 |a Includes bibliographical references. 
505 0 |g volume 1.  |t Text --  |g volume 2.  |t Plates. 
650 0 |a Vase-painting, Greek   |z Greece  |z Chios Island   |x Themes, motives. 
650 0 |a Vases, Geometric   |z Greece   |z Chios Island   |x Expertising. 
830 0 |a Monograph (University of Oxford. Committee for Archaeology) ;   |v 30. 
901 |a reviewed 
942 |c BK  |2 lcc 
999 |c 23870  |d 23870